000 00813nam a2200241Ia 4500
003 GCL
008 140319s9999 xx 000 0 ara d
040 _aGCL /
_cGCL
082 0 4 _a325.31
_bش ف
100 1 _aمحمد هشام (مترجم)
245 1 0 _aالفلسطينيون عبر الخط الاخضر /
_cمحمد هشام (مترجم)
700 1 _aشولش، الكسندر(واخرون)
260 _a[S.N] :
_bدار الفكر للدراسات والنشر والتوزيع ،
_c1986
300 _a295 ص
490 _a
650 0 4 _aالاحوال الاجتماعية
650 0 4 _aفلسطين
650 0 4 _aاسرائيل
650 0 4 _aالاحتلال الصهيونى
650 0 4 _aالاحزاب السياسية
650 0 4 _aالبحوث الاجتماعية
942 _2ddc
_cBK
999 _c34749
_d34749